Представление документа в формате MARC21

Поле Инд. ПП Название Значение
Тип записи a
Библиографический уровень m
001 Контрольный номер f842e629-1f48-45f5-afab-a1c47f4b029c
005 Дата корректировки 20140703140043.3
008 Кодируемые данные 051012
020 a ISBN 5-238-00468-0
c Цена, тираж 100.00
040 a Служба первич. каталог. НБ ТвГУ
041 a Код языка текста rus
080 a Индекс УДК 336.71(075.8)
084 a Индекс другой классификации/Индекс ББК У9(2Рос)262.10я73-1
090 x Авторский знак М31
a Полочн. индекс У9(2Рос)
100 1_ a Автор Масленченков Юрий Семенович
245 10 a Заглавие Работа банка с корпоративными клиентами
b Продолж. заглавия учеб. пособие для студентов вузов
c Ответственность Ю. С. Масленченков, Ю. Н. Тронин
260 0_ a Место издания Москва
b Издательство ЮНИТИ
c Дата издания 2003
300 a Объем 357, [2] с.
b Иллюстрации/ тип воспроизводства ил., табл.
c Размеры 20 см.
440 a Серия Банковское дело
504 a Библиография Библиогр.: с. 354-356.
583 a Действие Получение впервые 288 07.10.2005
k Исполнитель действия Дар ООО "Издательство ЮНИТИ-ДАНА"
650 a Основная рубрика Банки
x Основная подрубрика Услуги
650 a Основная рубрика Банковское дело
x Основная подрубрика Учебники для вузов
650 a Основная рубрика Финансовый менеджмент
650 a Основная рубрика Банковские операции
653 a Ключевые слова Банки
a Ключевые слова Банковское дело
a Ключевые слова Финансовый менеджмент
a Ключевые слова Услуги банка
a Ключевые слова Банковские операции
700 1_ a Другие авторы Тронин Юрий Николаевич
e Роль лиц авт.
852 t Порядковый номер экземпляра 5
p Инвентарный номер 819867
p Инвентарный номер 819868
p Инвентарный номер 819869
p Инвентарный номер 819870
p Инвентарный номер 819871
863 t 00110499
863 t 00110498
863 t 00110497
863 t 00110496
863 t 00110495
888 a Бесплатные
930 a Новая/Ретро учебники
952 p 288.2005 100.00 1 819867
p 288.2005 100.00 1 819868
p 288.2005 100.00 1 819869
p 288.2005 100.00 1 819870
p 288.2005 100.00 1 819871
c Вид литературы К ру
954 a Дата поступления на обработку 20051014
999 a Подразделение 2 Фил1